000 00870nam a22002891c 4500
001 51198720X
008 130703s2007 gw a||| 000u ger d
020 _a9783770543694
_9978-3-7705-4369-4
041 _ager
100 1 _aTreml, Martin
245 0 0 _aNachleben der Religionen :
_bkulturwissenschaftliche Untersuchungen zur Dialektik der Säkularisierung /
_chrsg. von Martin Treml und Daniel Weidner
264 _aMünchen [u.a.] :
_bFink,
_c2007
300 _a280 S. : Ill
650 0 _aSäkularisierung
650 0 _aKulturwissenschaften
650 0 _aReligion
650 0 _aKulturwissenschaften
650 0 _aModerne
650 0 _aSäkularisierung
650 0 _aNeue Religiosität
650 0 _aKulturwissenschaften
700 1 _aWeidner, Daniel
_eVerfasserIn
942 _cMG
040 _cRU-10907106
003 RU-10907106
999 _c24514
_d24514
490 0 _aTrajekte